| 000 | 00761 a2200229 4500 | ||
|---|---|---|---|
| 003 | BJBSDDR | ||
| 005 | 20260423124746.0 | ||
| 007 | ta | ||
| 008 | 260423b1994 nyu||||| |||| 00| 0 eng d | ||
| 020 | _a9781566194020 | ||
| 020 | _a1566194024 | ||
| 040 |
_beng _cBJBSDDR |
||
| 041 | _aeng | ||
| 050 | _bF834 1994 | ||
| 100 | 6 |
_a Frank, Stanley D. _948094 |
|
| 245 |
_a Remember everything you read! : _bthe Evelyn Wood seven day speed reading and learning program / _cStanley D. Frank |
||
| 260 |
_aNew York ; _b Barnes & Noble Books : _c1994 . |
||
| 300 |
_a x, 212 pages : _billustrations ; _c 22 cm . |
||
| 520 | _aDetails the one-week course designed to increase reading speed and improve reading comprehension. | ||
| 942 |
_2lcc _n0 _cBK |
||
| 946 | _isba | ||
| 999 |
_c126905 _d126905 |
||